Stain reports
Enregistré dans:
| Format: | Livre |
|---|---|
| Langue: | Undetermined |
| Publié: |
Bombay
People's Publishing House
1944
|
| Sujets: | |
| Tags: |
Ajouter un tag
Pas de tags, Soyez le premier à ajouter un tag!
|
| Thư viện lưu trữ: | Trung tâm Học liệu Trường Đại học Cần Thơ |
|---|
| LEADER | 00400nam a2200157Ia 4500 | ||
|---|---|---|---|
| 001 | CTU_80338 | ||
| 008 | 210402s9999 xx 000 0 und d | ||
| 082 | |a 330 | ||
| 082 | |b S782 | ||
| 245 | 0 | |a Stain reports | |
| 260 | |a Bombay | ||
| 260 | |b People's Publishing House | ||
| 260 | |c 1944 | ||
| 650 | |a Soviet union | ||
| 904 | |i Trọng Hải | ||
| 980 | |a Trung tâm Học liệu Trường Đại học Cần Thơ | ||